000 01550nam0a22002531 4500
001 rc\3539801
005 20130115144334.4
035 _a(NLR Aleph) 007633234
090 _a6045754
_c6045754
100 _a20130115d1970 |||y0rusy50 ca
101 0 _arus
102 _aRU
105 _ay z |||||
200 1 _aО совершенствовании форм и методов доведения до потребителей информационных материалов, поступающих в ЦНТИ
_eТезисы и материалы к докладу Б.Н. Войцикова, инж., на совещаниях-семинарах глав. инженеров межотраслевых территор. центров науч.-техн. информации и пропаганды (ЦНТИ). 27-30 окт. 1070 г. в г. Волгограде. 11-14 ноября 1970 г. в г. Чебоксары
_fОбъединение по руководству науч.-техн. информацией и пропагандой в РСФСР при Гос. ком. Совета Министров СССР по науке и технике
210 _aМосква
_cБ. и.
_d1970
215 _a36 с.
_d20
300 _aНа обл. авт. не указан
333 _aДля служебного пользования. Экз. № 9
700 1 _aВойциков
_bБ. Н.
_gБорис Николаевич
801 0 _aRU
_bNLR
_gpsbo
801 1 _aRU
_bELAR
_2rusmarc
852 _aNLR
_j71-50к/585
942 _cBOOK
980 _aNB